[Event "CUB School-chT"]
[Site "Santa Clara"]
[Date "2017.07.13"]
[Round "2.2"]
[White "Obregon Garcia, Roxangel"]
[Black "Dominguez Hernandez, Meyling"]
[Result "1-0"]
[WhiteElo "2135"]
[BlackElo "1794"]
[PlyCount "65"]
[EventDate "2017.07.13"]
[EventType "team-swiss"]
[EventRounds "9"]
[EventCountry "CUB"]
[SourceTitle "EXT 2023"]
[Source "ChessBase"]
[SourceDate "2022.10.05"]
[SourceVersion "1"]
[SourceVersionDate "2022.10.05"]
[SourceQuality "1"]

1. e4 d5 2. exd5 Qxd5 3. Nc3 Qa5 4. d4 Nf6 5. Nf3 c6 6. Bc4 Bf5 7. Bd2 e6 8. Nd5 Qd8 9. Nxf6+ gxf6 10. 0-0 Qc7 11. Re1 Nd7 12. Nh4 Bg6 13. g3 Bd6 14. b4 0-0-0 15. a4 f5 16. Ng2 h5 17. h4 Rhg8 18. Kf1 e5 19. Bg5 Rde8 20. d5 f4 21. dxc6 bxc6 22. Ba6+ Kb8 23. gxf4 exf4 24. Rxe8+ Rxe8 25. Nxf4 Bf5 26. Ng2 f6 27. Qxh5 Rg8 28. Bc4 Rf8 29. Bh6 Rh8 30. Qxf5 Rxh6 31. Re1 Ne5 32. Ba6 Qf7 33. Qc8# 1-0